<?xml version="1.0" encoding="UTF-8"?>
<record
    xmlns:xsi="http://www.w3.org/2001/XMLSchema-instance"
    xsi:schemaLocation="http://www.loc.gov/MARC21/slim http://www.loc.gov/standards/marcxml/schema/MARC21slim.xsd"
    xmlns="http://www.loc.gov/MARC21/slim">

  <leader>00740nam a22001811a 4500</leader>
  <controlfield tag="001">11852</controlfield>
  <controlfield tag="003">OSt</controlfield>
  <controlfield tag="005">20260204212259.0</controlfield>
  <controlfield tag="008">131206s2007||||dr ||||||b||||||||||spa||</controlfield>
  <datafield tag="082" ind1=" " ind2=" ">
    <subfield code="a">RD 346.0437293 R299i</subfield>
  </datafield>
  <datafield tag="110" ind1=" " ind2=" ">
    <subfield code="a">Republica Dominicana</subfield>
  </datafield>
  <datafield tag="245" ind1=" " ind2=" ">
    <subfield code="a">Ley no. 108-05 de registro inmoviliario de la Rep&#xFA;blica Dominicana (Modificada por la ley no. 51-07) y Reglamentos / Segundo E. Moncion y  Leonaldo Mirabal</subfield>
  </datafield>
  <datafield tag="264" ind1=" " ind2=" ">
    <subfield code="a">Santiago de los Caballeros : Hnos. Capell&#xE1;n</subfield>
  </datafield>
  <datafield tag="300" ind1=" " ind2=" ">
    <subfield code="a">307 P.</subfield>
  </datafield>
  <datafield tag="650" ind1=" " ind2=" ">
    <subfield code="a">REGISTRO DE LA PROPIEDAD - LEGISLACION 2.DERECHO INMOVILIARIO - LEGISLACION - REPUBLICA DOMINICANA 3.LEY N0 108-05 DE REGISTRO INMOBILIARIO</subfield>
  </datafield>
  <datafield tag="700" ind1=" " ind2=" ">
    <subfield code="a">Moncion, Segundo E. ll Mirabal Leonaldo&#xCC;</subfield>
  </datafield>
  <datafield tag="942" ind1=" " ind2=" ">
    <subfield code="2">ddc</subfield>
    <subfield code="c">BK</subfield>
  </datafield>
  <datafield tag="999" ind1=" " ind2=" ">
    <subfield code="c">11852</subfield>
    <subfield code="d">11852</subfield>
  </datafield>
  <datafield tag="952" ind1=" " ind2=" ">
    <subfield code="0">0</subfield>
    <subfield code="1">0</subfield>
    <subfield code="2">ddc</subfield>
    <subfield code="4">0</subfield>
    <subfield code="7">0</subfield>
    <subfield code="b">BU</subfield>
    <subfield code="d">2019-09-09</subfield>
    <subfield code="l">0</subfield>
    <subfield code="o">RD 346.0437293 R299I</subfield>
    <subfield code="p">017248</subfield>
    <subfield code="r">2019-09-09 00:00:00</subfield>
    <subfield code="w">2019-09-09</subfield>
    <subfield code="y">BK</subfield>
  </datafield>
</record>
